• 首页
  • 本馆介绍
  • 公告通知
  • 最新文献
  • 馆藏检索
  • 电子资源
  • 读者导购
  • 参考咨询
  • 我的图书馆
  • 登录
  • 详细信息显示
  • 放入我的书架
  • 预约/预借图书
  • 作者相关作品
  • 分类相关作品
  • 丛书相关作品
  • 出版社相关作品

书目信息

  • 表格格式
  • 工作单格式
  • 卡片格式
题名:
电视摄像实验教程
    
 
作者: 黄秋生 , 肖良生 主编
分册:  
出版信息: 北京   中国人民大学出版社  2009.02
页数: 185页
开本: 23cm
丛书名:
单 册:
中图分类: J931
科图分类:
主题词: 电视摄影--摄影技术--教材 , 电视摄影 , 摄影艺术
电子资源:
ISBN: 978-7-300-10276-4
000 00934nam0 2200277 450
001 010010022602
005 20100325104853.90
010    @a978-7-300-10276-4@dCNY22.00
100    @a20090309d2009 em y0chiy0110 ea
101 0  @achi
102    @aCN@b110000
105    @aak z 000yy
106    @ar
200 1  @a电视摄像实验教程@9dian shi she xiang shi yan jiao cheng@f黄秋生,肖良生主编
210    @a北京@c中国人民大学出版社@d2009.02
215    @a185页@c图@d23cm
300    @a21世纪新闻传播学实验系列教材/黄秋生丛书主编
330    @a本书分为电视摄像概述、单项实验两部分,其内容包括:电视制作技术的发展、电视信号、数字技术、电视摄像机、电视制作的三种方式等。
606 0  @a电视摄影@x摄影技术@j教材
606 0  @a电视摄影
606 0  @a摄影艺术
690    @aJ931@v4
701  0 @a黄秋生@9huang qiu sheng@4主编
701  0 @a肖良生@9xiao liang sheng@4主编
801  0 @aCN@bRENTIAN@c20100325
905    @b799218-20@dJ931@e233@f3
    
    电视摄像实验教程/黄秋生,肖良生主编.-北京:中国人民大学出版社,2009.02
    185页:图;23cm
    21世纪新闻传播学实验系列教材/黄秋生丛书主编
    
    ISBN 978-7-300-10276-4:CNY22.00
    本书分为电视摄像概述、单项实验两部分,其内容包括:电视制作技术的发展、电视信号、数字技术、电视摄像机、电视制作的三种方式等。
●
相关链接 在E读中查询图书 在五车中查询图书 在当当中查询图书 在豆瓣中查询图书


正题名:电视摄像实验教程     索取号:J931/233         预约/预借

序号 登录号 条形码 馆藏地/架位号 状态 备注
1 799218   207992181   第一样本阅览室/ [索取号:J931/233] 在馆    
2 799219   207992190   第一借阅区/ [索取号:J931/233] 在馆    
3 799220   207992207   第一借阅区/ [索取号:J931/233] 在馆    
唐山师范学院图书馆 欢迎您!
大连网信软件有限公司© 版权所有